Generazioni dei Pokémon - Quiz n°40 - Statistics

Statistiche generali
  • Questo quiz è stato fatto 2 volte
  • Il punteggio medio è 11 su 15
Statistiche sulle risposte
Hint Risposta % Corretto
Arboliva Nona
100%
Orbeetle Ottava
100%
Yamper Ottava
100%
Rhydon Prima
100%
Meowth Prima
100%
Emolga Quinta
100%
Flabébé Sesta
100%
Zangoose Terza
100%
Lokix Nona
50%
Spectrier Ottava
50%
Drakloak Ottava
50%
Hawlucha Sesta
50%
Charjabug Settima
50%
Sandygast Settima
50%
Cursola Ottava
0%
Nessun quiz corrispondente trovato
Distribuzione punteggi
Percentuale di utenti per punteggio
Percentile per numero di risposta
I tuoi punteggi nel tempo
Non hai fatto questo quiz